000 00389nam a22001457a 4500
008 250708b |||||||| |||| 00| 0 eng d
020 _a97898920692996
050 _aJQ 3685
_b.A 58.N48
100 _aNeves Delfim
245 _aA verdade Da historia
260 _asouth Africa
_bVARZEN DA RAINHA IMPRESSORE
_c2016
300 _a442P.
650 _aJustice Administrative
942 _cBK
999 _c4185
_d4185